000 00976nam a2200217Ia 4500
999 _c56095
_d56095
001 23196
003 GE_BSU
005 20230724172936.0
008 181216s1952||||ge |||||||||||||| ||geo||
040 _cGE_BSU
041 _ageo
080 _a82-93:821.111(73)-311.31
100 _aტვენი, მარკ
_916107
245 _aჰეკლბერი ფინის თავგადასავალი /
_cმარკ ტვენი ; ინგლისურიდან თარგმნა თამარ დიასამიძემ ; რედ. ნ. რაზიკაშვილი.
264 _aთბილისი :
_bსაბლიტგამი,
_c1952.
300 _a323 გვ. :
_b ილ. ;
_c20 სმ.
541 _h2ლ.32თ.
653 _aჰეკლბერი ფინის თავგადასავალი
700 _aრაზიკაშვილი, ნ.
_eრედაქტორი
_919520
942 _cBK
_2udc